• 首页
  • 本馆介绍
  • 公告通知
  • 最新文献
  • 馆藏检索
  • 电子资源
  • 读者导购
  • 参考咨询
  • 我的图书馆
  • 登录
  • 详细信息显示
  • 放入我的书架
  • 预约/预借图书
  • 作者相关作品
  • 分类相关作品
  • 丛书相关作品
  • 出版社相关作品

书目信息

  • 表格格式
  • 工作单格式
  • 卡片格式
题名:
苏联社会科学机构
    
 
作者: ;中国社会科学院情报研究所 编
分册:  
出版信息: 北京   中国社会科学出版社  1978
页数: 280页
开本: 20cm
丛书名:
单 册:
中图分类: C0
科图分类:
主题词: 社会科学--理论 , 社会科学--方法论
电子资源:
ISBN:
000 00674nam0 2200205 450
001 0630043781
005 20060817082145.09
010    @dCNY0.90
100    @a20060817d1978 km y0chiy0120 ea
101 0  @achi
102    @aCN@b110000
200 1  @a苏联社会科学机构@Asu lian she hui ke xue ji gou@f中国社会科学院情报研究所编@Fzhong guo she hui ke xue yuan qing bao yan jiu suo bian
210    @a北京@c中国社会科学出版社@d1978
215    @a280页@d20cm
606 0  @a社会科学@x理论
606 0  @a社会科学@x方法论
690    @aC0@v3
711  0 @a中国社会科学院情报研究所@Azhong guo she hui ke xue yuan qing bao yan jiu suo@4编
801  0 @aCN@bPFT@c20060817
905    @a10447@dC0@e25
    
    苏联社会科学机构/中国社会科学院情报研究所编.-北京:中国社会科学出版社,1978
    280页;20cm
    
    
    ISBN :CNY0.90
    
●
相关链接 在E读中查询图书 在五车中查询图书 在当当中查询图书 在豆瓣中查询图书


正题名:苏联社会科学机构     索取号:C0/25         预约/预借

序号 登录号 条形码 馆藏地/架位号 状态 备注
1 0465180   204651803   密集书库/ [索取号:C0/25] 在馆    
唐山师范学院图书馆 欢迎您!
大连网信软件有限公司© 版权所有